Project management handbook (Record no. 86770)

MARC details
000 -LEADER
fixed length control field 00465cam a2200193 4500
001 - CONTROL NUMBER
control field D8012
008 - FIXED-LENGTH DATA ELEMENTS--GENERAL INFORMATION
fixed length control field 090401t1983 xxu||||| |||| 00| 0 eng d
035 ## - SYSTEM CONTROL NUMBER
System control number (Sirsi) u10751
041 ## - LANGUAGE CODE
Language code of text/sound track or separate title eng
050 ## - LIBRARY OF CONGRESS CALL NUMBER
Classification number 658.404
100 ## - MAIN ENTRY--PERSONAL NAME
Personal name Cleland, David I
245 ## - TITLE STATEMENT
Title Project management handbook
260 ## - PUBLICATION, DISTRIBUTION, ETC.
Place of publication, distribution, etc. New York
Name of publisher, distributor, etc. Van Nostrand Reinhold Co
Date of publication, distribution, etc. 1983
300 ## - PHYSICAL DESCRIPTION
Extent ix. 725p. 24cm
350 ## - PRICE (NR) (BK AM CF MU VM SE) [OBSOLETE]
Price 41.85
700 ## - ADDED ENTRY--PERSONAL NAME
Personal name King, William R
942 ## - ADDED ENTRY ELEMENTS (KOHA)
Suppress in OPAC 0
948 ## - LOCAL PROCESSING INFORMATION (OCLC); SERIES PART DESIGNATOR (RLIN)
c (OCLC) 04/03/1997
Holdings
Withdrawn status Lost status Source of classification or shelving scheme Damaged status Not for loan Home library Current library Shelving location Date acquired Cost, normal purchase price Total Checkouts Full call number Barcode Date last seen Date last checked out Copy number Cost, replacement price Price effective from Koha item type
    Dewey Decimal Classification     London London Books 14/09/1999 41.85 12 658.404 30019948 06/08/2019 15/05/2008 1 41.85 06/08/2019 Book